00564nam a22001697a 450000500170000001000150001702000270003203500130005903700130007208200170008510000260010224501010012826000260022927000410025530000450029650000530034120160712103434.0 aENG-115379 a9789380574608c1500.00 aEN-98911 bDBAD/PUB a726.14509543 aAdhikari,Swati Mondal aSome paramara temples from Madhya Pradesh :ba case study of viilage un /cSwati Mondal Adhikari aDelhibBookwellc2014 a3/79,Nirankari ColonybDelhie110009 a158p. :bill.(map and figures)c27cm(Hb) aIncludes glossary and bibliographical references